<?xml version="1.0" encoding="UTF-8"?>
<record
    xmlns:xsi="http://www.w3.org/2001/XMLSchema-instance"
    xsi:schemaLocation="http://www.loc.gov/MARC21/slim http://www.loc.gov/standards/marcxml/schema/MARC21slim.xsd"
    xmlns="http://www.loc.gov/MARC21/slim">

  <leader>00733nam a2200193Ia 4500</leader>
  <controlfield tag="008">200826s9999||||xx |||||||||||||| ||und||</controlfield>
  <datafield tag="041" ind1=" " ind2=" ">
    <subfield code="a">chi</subfield>
  </datafield>
  <datafield tag="050" ind1=" " ind2=" ">
    <subfield code="a">BV3785.C2 </subfield>
    <subfield code="b">.H72 1997</subfield>
  </datafield>
  <datafield tag="245" ind1=" " ind2="0">
    <subfield code="a">&#x85AA;&#x706B;&#x7E8C;&#x50B3;:</subfield>
    <subfield code="b"> = A follow up to the history of the Campus Evangelical Fellowship : &#x6821;&#x5712;&#x5718;&#x5951;&#x56DB;&#x5341;&#x5E74;1957-1997 /</subfield>
    <subfield code="c">&#x9EC3;&#x5F9E;&#x771F;, &#x6731;&#x60E0;&#x6148;, &#x5F35;&#x84EE;&#x5A23;&#x7B49;&#x7DE8;&#x8F2F;</subfield>
  </datafield>
  <datafield tag="246" ind1=" " ind2=" ">
    <subfield code="a">&#x85AA;&#x706B;&#x7EED;&#x4F20;:</subfield>
    <subfield code="b">&#x6821;&#x56ED;&#x56E2;&#x5951;&#x56DB;&#x5341;&#x5E74;1957-1997/</subfield>
  </datafield>
  <datafield tag="260" ind1=" " ind2=" ">
    <subfield code="a">&#x53F0;&#x5317;:&#xA0;</subfield>
    <subfield code="b">&#x6821;&#x5712;,</subfield>
    <subfield code="c">1997</subfield>
  </datafield>
  <datafield tag="300" ind1=" " ind2=" ">
    <subfield code="a">228 p. :</subfield>
    <subfield code="b">ill, pho.;</subfield>
    <subfield code="c">21 cm.</subfield>
  </datafield>
  <datafield tag="500" ind1=" " ind2=" ">
    <subfield code="a">Translation of: A follow up to the history of the Campus Evangelical Fellowship. </subfield>
  </datafield>
  <datafield tag="650" ind1=" " ind2=" ">
    <subfield code="a">Campus&#xA0;Evangelical&#xA0;Fellowship.</subfield>
  </datafield>
  <datafield tag="700" ind1=" " ind2=" ">
    <subfield code="a">&#x5F35;&#x84EE;&#x5A23;</subfield>
  </datafield>
  <datafield tag="700" ind1=" " ind2=" ">
    <subfield code="a">&#x6731;&#x60E0;&#x6148;</subfield>
  </datafield>
  <datafield tag="700" ind1=" " ind2=" ">
    <subfield code="a">&#x9EC3;&#x5F9E;&#x771F;</subfield>
  </datafield>
  <datafield tag="952" ind1=" " ind2=" ">
    <subfield code="0">0</subfield>
    <subfield code="1">0</subfield>
    <subfield code="4">0</subfield>
    <subfield code="7">0</subfield>
    <subfield code="a">GETS</subfield>
    <subfield code="b">GETS</subfield>
    <subfield code="c">GEN</subfield>
    <subfield code="d">2020-08-26</subfield>
    <subfield code="l">0</subfield>
    <subfield code="o">BV3785.C2 .H72 1997</subfield>
    <subfield code="p">00007405</subfield>
    <subfield code="r">2020-08-26 00:00:00</subfield>
    <subfield code="w">2020-08-26</subfield>
    <subfield code="y">BK</subfield>
  </datafield>
  <datafield tag="999" ind1=" " ind2=" ">
    <subfield code="c">19931</subfield>
    <subfield code="d">19931</subfield>
  </datafield>
</record>
